[Event "Hradec Kralove op 13th"]
[Site "Hradec Kralove"]
[Date "2023.11.08"]
[Round "6"]
[White "Batukhtin, Viktor"]
[Black "Boruvka, Milan"]
[Result "1-0"]
[WhiteElo "1706"]
[BlackElo "1885"]
[PlyCount "74"]
[EventDate "2023.11.04"]
[EventType "swiss"]
[EventRounds "9"]
[EventCountry "CZE"]
[SourceTitle "CB46_2023"]
[SourceDate "2023.11.15"]
[SourceVersion "1"]
[SourceVersionDate "2023.11.15"]
[SourceQuality "1"]

1. d4 d5 2. Bf4 Nf6 3. e3 e6 4. Bd3 c5 5. c3 Bd6 6. Bg3 Nc6 7. Nd2 c4 8. Bc2 Qc7 9. Ngf3 b5 10. e4 dxe4 11. Nxe4 Nxe4 12. Bxe4 Bxg3 13. hxg3 f5 14. Bxc6+ Qxc6 15. Ne5 Qe4+ 16. Kf1 Bb7 17. f3 Qe3 18. Ng6 Rg8 19. Rxh7 Qg5 20. Nf4 Kf7 21. Qe2 Rae8 22. Kf2 Qf6 23. Re1 Bd5 24. Qc2 Rh8 25. Rxh8 Rxh8 26. Nxd5 exd5 27. Re5 g6 28. Rxd5 Re8 29. f4 Qa6 30. a3 Qc6 31. Re5 Rd8 32. Qe2 Qd7 33. Qf3 a5 34. Rc5 b4 35. axb4 Qa4 36. Rxa5 Qc2+ 37. Qe2 Qc1 1-0